- Valdés, René
Entry Nombre Personal
001 - NUMERO DE CONTROL
- campo de control: 58768
003 - IDENTIFICADOR DE NUMERO DE CONTROL
- campo de control: DLC
005 - FECHA Y HORA DE LA ÜLTIMA TRANSACCIÓN
- campo de control: 20260213100315.0
008 - DATOS DE LONGITUD FIJA
- campo de control de longitud fija: 240820n| azannabbn |a aaa c
010 ## - NÚMERO DE CONTROL DE LA BIBLIOTECA DEL CONGRESO
- Número de control LC: no2024090861
035 ## - NUMERO DE CONTROL
- Número de control: (OCoLC)oca16344102
040 ## - FUENTE DE CATALOGACIÓN
- Agencia original de catalogación: CL-SaBCN
- Lenguaje de catalogación: spa
- Agencia de transcripción: CL-CcU
- Description conventions: rda
- Agencia que lo modifica: MX-MxUPN
100 1# - ENCABEZAMIENTO - NOMBRE PERSONAL
- Nombre personal: Valdés, René
- Fuller form of name: (Valdés Morales)
370 ## - LUGAR ASOCIADO
- Associated country: Chile
- Fuente del término: naf
371 ## - DIRECCIÓN
- Electronic mail address: rene.valdes@unab.cl
372 ## - CAMPO DE ACTIVIDAD
- Field of activity: Educación especial
373 ## - GRUPO ASOCIADO
- Associated group: Universidad Católica del Maule
- Associated group: Pontificia Universidad Católica de Valparaíso
- Associated group: Universidad Nacional Andrés Bello
- Fuente del término: naf
374 ## - OCUPACIÓN
- Occupation: Profesor universitario
377 ## - LENGUA ASOCIADA
- Language code: spa
378 ## - FORMA COMPLETA DE NOMBRE PERSONAL
- Fuller form of personal name: Valdés Morales
400 1# - VEÁSE - NOMBRE DE PERSONA
- Personal name: Valdés Morales, René
400 1# - VEÁSE - NOMBRE DE PERSONA
- Personal name: Morales, René Valdés
670 ## - FUENTE EN LA QUE SE LOCALIZARON DATOS
- Cita de la fuente: La escuela inclusiva en la sociedad del rendimiento, 2023:
- Información localizada: portada (René Valdés) solapa (René Valdés Morales. Profesor de Educación especial y Magíster en Educación especial y Psicopedagogía por la Universidad Católica del Maule; Doctor en Psicología por la Pontificia Universidad Católica de Valparaíso. Se ha desempeñado como profesor de escuela y como docente de pregrado y postgrado para distintas universidades. Investigador en la Facultad de Eucación y Ciencias Sociales de la Universidad Andrés Bello).
670 ## - FUENTE EN LA QUE SE LOCALIZARON DATOS
- Cita de la fuente: Estudios pedagógicos, vol. 51, no 2 (2025):
- Información localizada: página 237 (René Valdés Morales; Universidad Andrés Bello, Chile; rene.valdes@unab.cl)
902 ## - CATALOGADOR
- Catalogador: Víctor Ruiz/130226
